00926nam a2200205Ia 4500008004100000020001500041050001700056100004800073245011000121250001200231260003800243300003600281490001500317500012700332505013300459650003400592650001500626700004200641700003700683120626s1997 mx 000 0 spa d a9706380450 aB53 M39 1997 aMéndez González, Luz del Carmeneautora aFilosofía c/ Luz del Carmen Méndez González, Hilda Velásquez Barragán, Leonor Pérez Nowaihed a4a. ed. aMéxico b: Nueva Imágenc1997 a184 páginas b: ilustraciones x9706380450 aIncluye: índice, bibliografía. Reimpresiones: El ej. 1 ed 15a. reimp. del 2004 ; los ej. 2, 3 y 4 son reimp. del 2005. aI. Introducción a la filosofía. II. Desarrollo histórico de la Filosofía. III. Filosofía Latinoamericana. IV. Ética. 0aFILOSOFÍAxHISTORIAvNOVELA aFILOSOFOS. aVelásquez Barragán, Hildaeautora aPérez Nowaihed, Leonoreautora